[Event "Penang op 11th"]
[Site "Penang"]
[Date "2019.12.11"]
[Round "4"]
[White "Hng, Mei Xian Eunice"]
[Black "Heng, Cho Fai"]
[Result "1-0"]
[WhiteElo "1709"]
[BlackElo "1184"]
[PlyCount "89"]
[EventDate "2019.12.09"]
[EventType "swiss"]
[EventRounds "9"]
[EventCountry "MAS"]
[SourceTitle "CBM 193 Extra"]
[Source "ChessBase"]
[SourceDate "2020.01.31"]
[SourceVersion "1"]
[SourceVersionDate "2020.01.31"]
[SourceQuality "1"]

1. e4 e5 2. d4 exd4 3. c3 d5 4. e5 dxc3 5. Nxc3 Be6 6. Nf3 Nc6 7. Bb5 a6 8. Ba4 b5 9. Bb3 Bb4 10. 0-0 Bxc3 11. bxc3 Nge7 12. a4 0-0 13. Bf4 h6 14. axb5 axb5 15. Qe2 Rxa1 16. Rxa1 Qb8 17. Nd4 Nxd4 18. cxd4 Qb6 19. Qb2 c6 20. Bd2 Nf5 21. Bb4 Re8 22. Bc5 Qb7 23. Ra7 Qb8 24. Qa3 Rc8 25. Qa6 Kh7 26. Bc2 g6 27. Bxf5 gxf5 28. Bd6 Rc7 29. Rxc7 Qg8 30. Qxc6 Qg4 31. Qc1 Qxd4 32. h3 Qe4 33. Bf8 Qh4 34. Qc6 Kg6 35. Qxb5 Qe4 36. Bd6 f4 37. Rc1 Bf5 38. Qe8 Be6 39. Qg8+ Kh5 40. Be7 Qxe5 41. Kf1 Qd4 42. Re1 Qc4+ 43. Kg1 d4 44. Re5+ Bf5 45. Rxf5# 1-0

[Event "Penang op 11th"]
[Site "Penang"]
[Date "2019.12.10"]
[Round "2"]
[White "Heng, Cho Fai"]
[Black "Liew, Mark"]
[Result "0-1"]
[WhiteElo "1184"]
[BlackElo "1708"]
[PlyCount "64"]
[EventDate "2019.12.09"]
[EventType "swiss"]
[EventRounds "9"]
[EventCountry "MAS"]
[SourceTitle "CBM 193 Extra"]
[Source "ChessBase"]
[SourceDate "2020.01.31"]
[SourceVersion "1"]
[SourceVersionDate "2020.01.31"]
[SourceQuality "1"]

1. e4 e6 2. d4 d5 3. Nc3 Nf6 4. e5 Nfd7 5. f4 c5 6. Nf3 Nc6 7. Be3 Be7 8. Be2 0-0 9. 0-0 f6 10. Bb5 cxd4 11. Bxc6 dxc3 12. bxc3 bxc6 13. Nd4 Nb8 14. Rb1 Qc7 15. exf6 Bxf6 16. f5 e5 17. Nb3 Nd7 18. Nc5 Nxc5 19. Bxc5 Be7 20. Bxe7 Qxe7 21. g4 Qc5+ 22. Kh1 Ba6 23. Rf3 e4 24. Rh3 Rab8 25. Kg2 Rxb1 26. Qxb1 Be2 27. Rg3 Bf3+ 28. Kf1 Qc4+ 29. Kg1 Qxc3 30. h4 Qe3+ 31. Kh2 Qf2+ 32. Kh3 e3 0-1

[Event "Hong Kong Jolimark op"]
[Site "Hong Kong"]
[Date "2018.12.25"]
[Round "7"]
[White "Heng, Cho Fai"]
[Black "Chen, Kai Chun"]
[Result "1-0"]
[WhiteElo "1209"]
[BlackElo "1370"]
[PlyCount "48"]
[EventDate "2018.12.22"]
[EventType "swiss"]
[EventRounds "9"]
[EventCountry "HKG"]
[SourceTitle "CBM 188 Extra"]
[Source "ChessBase"]
[SourceDate "2019.02.26"]
[SourceVersion "1"]
[SourceVersionDate "2019.02.26"]
[SourceQuality "1"]

1. e4 c5 2. Ne2 d6 3. Nbc3 Nf6 4. g3 Nc6 5. Bg2 g6 6. 0-0 Bg7 7. d3 0-0 8. h3 Bd7 9. f4 Rc8 10. Be3 a6 11. Nd5 e6 12. Ndc3 b5 13. a3 Ne7 14. g4 Ne8 15. Rb1 Bc6 16. Ng3 Bb7 17. f5 d5 18. Bg5 f6 19. Bd2 d4 20. Nce2 e5 21. b3 c4 22. bxc4 Bc6 23. cxb5 Bxb5 24. Bb4 a5 1-0

[Event "Hong Kong Jolimark op"]
[Site "Hong Kong"]
[Date "2018.12.23"]
[Round "3"]
[White "Lopez de Anda, Edgar"]
[Black "Heng, Cho Fai"]
[Result "1-0"]
[WhiteElo "1528"]
[BlackElo "1209"]
[PlyCount "68"]
[EventDate "2018.12.22"]
[EventType "swiss"]
[EventRounds "9"]
[EventCountry "HKG"]
[SourceTitle "CBM 188 Extra"]
[Source "ChessBase"]
[SourceDate "2019.02.26"]
[SourceVersion "1"]
[SourceVersionDate "2019.02.26"]
[SourceQuality "1"]

1. d4 Nf6 2. Nf3 g6 3. Bg5 Bg7 4. Nc3 0-0 5. e4 d6 6. e5 Nfd7 7. exd6 cxd6 8. Bd3 Nc6 9. Ne2 h6 10. Be3 Nb6 11. Qd2 Kh7 12. h4 h5 13. Ng3 Kg8 14. Bh6 Bg4 15. Bxg7 Kxg7 16. Ng5 e6 17. f3 Bf5 18. 0-0-0 Bxd3 19. Qxd3 Qf6 20. Nxh5+ Kh8 21. Nxf6 Rac8 22. a3 Na5 23. h5 Kg7 24. Nxe6+ Kxf6 25. Nxf8 Rxf8 26. d5 Nac4 27. Qd4+ Ke7 28. Rde1+ Kd7 29. Qg7 Rd8 30. Qxf7+ Kc8 31. Re8 Ne5 32. Rxd8+ Kxd8 33. Qf8+ Kc7 34. hxg6 Nxg6 1-0